Statystyki dla Przystanki linii 521

Kliknij tutaj aby rozwiązać quiz!

Ogólne statystyki

  • Ten quiz został rozwiązany 14 razy
  • Średni wynik to 20 z 33

Statystyki odpowiedzi

HintOdpowiedź% Poprawnych
Centrum
93%
GrochowskaGocławek
93%
Rondo Waszyngtona
93%
Dworzec Centralny
86%
PKP Wawer
86%
Płowiecka
86%
Pl. Szembeka
86%
Szczęśliwice
86%
Wiatraczna
86%
Wiatraczna
86%
PatriotówFalenica
79%
Aleje JerozolimskieMuzeum Narodowe
79%
PKP Anin
79%
PKP Falenica
79%
PKP Radość
79%
GrójeckaPl. Narutowicza
79%
Pl. Zawiszy
79%
PKP Miedzeszyn
71%
SzpotańskiegoPKP Międzylesie
71%
WaszyngtonaGrenadierów
64%
Żółkiewskiego
64%
Bitwy Warszawskiej 1920r.
43%
PłowieckaTrakt Lubelski
43%
Odeska
36%
BiałobrzeskaOpaczewska
29%
Prasowa
29%
Wielowiejska
29%
Montażowa
21%
Piechurów
21%
Pomologiczna
21%
WidocznaSolidna
21%
Szachowa
21%
Dobosza
14%

Rozkład punktacji

Percentyl według liczby udzielonych odpowiedzi

Procent ludzi z każdym wynikiem

Twoja historia wyników

Nie rozwiązałeś tego quizu